LEYENDA /

TRADUCCION DE: LEGEND

Sábháilte in:
Sonraí bibleagrafaíochta
Príomhchruthaitheoir: Dane, Clemence
Formáid: LEABHAR
Sraith:ARETUSA ; 4
Ábhair:
Clibeanna: Cuir clib leis
Níl clibeanna ann, Bí ar an gcéad duine le clib a chur leis an taifead seo!

MARC

LEADER 00000nam^a2200000^a^4500
001 000234195
005 20250521000000.0
009 20260310104715.704
035 |a 057634 
037 |a Acervo Xavier Clavigero 
082 |a 843. 9  |b DAN 
100 |a Dane, Clemence 
245 1 0 |a LEYENDA /  |c CLEMENCE DANE ; TR. C.A 
264 |a BARCELONA :  |b LAURO,  |c 1942 
300 |a 175 p. 
336 |a texto  |b txt  |2 rdacontenido 
337 |a sin mediación  |b n  |2 rdamedio 
338 |a volumen  |b nc  |2 rdasoporte 
440 |a ARETUSA ;  |v 4 
520 |a TRADUCCION DE: LEGEND 
649 |a XX 
650 |a NOVELA FRANCESA -  |x SIGLO XX 
650 |a LITERATURA FRANCESA -  |x SIGLO XX 
910 |a Fondo General 
920 |a Impresos - Libros 
930 |a Colección General 
940 |a Literatura 
905 |a 101 
901 |a 057634  |b IT1  |c LIT  |i 057634  |u 20250521 
902 |a https://opac.biblio.iteso.mx/vufind/Record/000234195